Central Library OPAC University of Rajshahi

Inside Russia today / (Record no. 26876)

MARC details
000 -LEADER
fixed length control field 00916nam a22002651 4500
001 - CONTROL NUMBER
control field 26876
003 - CONTROL NUMBER IDENTIFIER
rucl marc code BD-RjUL
005 - DATE AND TIME OF LATEST TRANSACTION
control field 20211209051059.0
008 - FIXED-LENGTH DATA ELEMENTS--GENERAL INFORMATION
fixed length control field 140323s1962 nyua j 001 0 eng
035 ## - SYSTEM CONTROL NUMBER
System control number (BD-RjUL)26947
040 ## - CATALOGING SOURCE
Original cataloging agency DLC
Transcribing agency DLC
Modifying agency DLC
-- BD-RjUL
Language of cataloging eng
041 ## - LANGUAGE CODE
Language code of text/sound track or separate title eng
082 00 - DEWEY DECIMAL CLASSIFICATION NUMBER
Classification number 914.7
Author mark and year GUI 1962
100 1# - MAIN ENTRY--PERSONAL NAME
Personal name Gunther, John,
Dates associated with a name 1901-1970.
9 (RLIN) 57856
245 10 - TITLE STATEMENT
Title Inside Russia today /
Statement of responsibility, etc. John Gunther.
260 ## - PUBLICATION, DISTRIBUTION, ETC. (IMPRINT)
Place of publication, distribution, etc. New York :
Name of publisher, distributor, etc. Harper & Row,
Date of publication, distribution, etc. c1962.
300 ## - PHYSICAL DESCRIPTION
Pagination 618 p. :
Illustrations ill. ;
Size 22 cm.
504 ## - BIBLIOGRAPHY, ETC. NOTE
Bibliography, etc Includes index.
520 ## - SUMMARY, ETC.
Summary, etc. An informal study of post-Stalin Russia--its accessibility, attractions, government and politics, culture, society, foreign relations, and current trends in many of these areas--based on the author's trips to Russia.
651 #0 - SUBJECT ADDED ENTRY--GEOGRAPHIC NAME
Geographic name Soviet Union.
9 (RLIN) 82592
Geographic name Soviet Union.
9 (RLIN) 82593
942 ## - ADDED ENTRY ELEMENTS (KOHA)
Source of classification or shelving scheme Dewey Decimal Classification
Koha item type Books
Holdings
Lost status Source of classification or shelving scheme Damaged status Not for loan Collection code Permanent Location Current Location Shelving location Date acquired Source of acquisition Cost, normal purchase price Total Checkouts Full call number Date last seen Copy number Koha item type
  Dewey Decimal Classification     Non-fiction Central Library, University of Rajshahi Central Library, University of Rajshahi   03/12/1966 Mirza book agency 0.00   914.7 GUI 1962 23/03/2014 C-3 Books
  Dewey Decimal Classification   Added to bundle Non-fiction Central Library, University of Rajshahi Central Library, University of Rajshahi Reading Room 07/02/1963 zeithinger 45.00   914.7 GUI 1958 25/03/2014 C-1 Books
  Dewey Decimal Classification     Non-fiction Central Library, University of Rajshahi Central Library, University of Rajshahi   07/02/1965 Mirja Book Agency. 5.40   914.7 GUI 1962 27/03/2014 C-2 Books
  Dewey Decimal Classification     Non-fiction Central Library, University of Rajshahi Central Library, University of Rajshahi   03/12/1966 Zeitlinger 45.00   914.7 GUI 1962 29/03/2014 C-4 Books